| 000 | 01369nam a2200313 c 4500 | ||
|---|---|---|---|
| 001 | 21802 | ||
| 003 | ES-MaCES | ||
| 005 | 20141221122738.0 | ||
| 008 | 090129s2007 sp a rt o100 | spa d | ||
| 035 | _aCES20090000910m | ||
| 040 |
_aES-MaCES _bspa _cES-MaCES |
||
| 111 | 2 |
_aEncuentro en Extremadura de Presidentes y Secretarios Generales de los CES de las Comunidades Autónomas y de España _n1º _d2007 _cMérida _91070 |
|
| 245 | 1 | 0 |
_aI Encuentro en Extremadura de Presidentes y Secretarios Generales de los CES de las Comunidades Autónomas y de España _hRecurso electrónico _b: Mérida, 15 y 16 de marzo de 2007 _cConsejo Económico y Social de Extremadura |
| 260 |
_a[Mérida] _bCES _c[2007] |
||
| 300 |
_a2 CD-ROM _c12 cm |
||
| 500 | _aTít. tomado de la etiqueta del CD-ROM | ||
| 505 | 0 | _aCD-ROM 1: reportaje fotográfico, transcripción -- CD-ROM 2: reportaje audivisual | |
| 541 | _cGratuito | ||
| 650 | 4 |
_aConsejos Económicos y Sociales _930859 |
|
| 650 | 4 |
_aEspaña _926964 |
|
| 650 | 4 |
_aComunidades Autónomas _930768 |
|
| 650 | 4 |
_aCD ROM _930331 |
|
| 653 | 1 | 0 | _aAdministración-Instituciones públicas |
| 710 | 2 |
_aConsejo Económico y Social de Extremadura _92436 |
|
| 787 | 0 |
_tEncuentro Anual de C.E.S. 2008 _w(ES-MaCES)22874 |
|
| 902 | _aELE PUB. ELECTRONICA | ||
| 942 |
_2CES _cBK _h6.3. |
||
| 999 |
_c21802 _d21802 |
||